ბათუმის შოთა რუსთაველის სახელმწიფო უნივერსიტეტის ბიბლიოთეკა

გრიგოლ ფილიმონის-ძე წერეთელი : (ბიბ.ჩანაწერი № 52679)

000 -ლიდერი
ფიქსირებული სიგრძის საკონტროლო ველი 01309nam a2200253Ia 4500
001 - საკონტროლო ნომერი
საკონტროლო ველი 19703
003 - საკონტროლო ნომრის იდენტიფიკატორი
საკონტროლო ველი GE_BSU
005 - ბოლო ოპერაციის თარიღი და დრო
საკონტროლო ველი 20200328221137.0
008 - ფიქსირებული სიგრძის მონაცემთა ელემენტები - ზოგადი ინფორმაცია
ფიქსირებული სიგრძის საკონტროლო ველი 181216s1969||||ge |||||||||||||| ||geo||
040 ## - კატალოგიზაციის წყარო
Transcribing agency GE_BSU
041 ## - ენის კოდი
Language code of text/sound track or separate title geo
080 ## - უნივერსალური ათობითი კლასიფიკაციის ინდექსი
Universal Decimal Classification number 81(479.22)(092) ყ-36
100 ## - მთავარი ჩანაწერი - პიროვნების სახელი
Personal name ყაუხჩიშვილი, სიმონ
9 (RLIN) 1490
245 ## - ცნობა სათაურის შესახებ
Title გრიგოლ ფილიმონის-ძე წერეთელი :
Remainder of title [ფილოლოგი. ცხოვრება და მოღვაწეობ] /
Statement of responsibility, etc სიმონ ყაუხჩიშვილი.
264 ## - წარმოების, გამოცემის, დისტრიბუციის და სხვა ცნობები
გამოცემის, წარმოების, დისტრიბუციის... ადგილი თბილისი :
გამოცემის, წარმოების, დისტრიბუციის... სახელწოდება თბილ. უნ-ტის გამ-ბა,
გამოცემის, წარმოების, დისტრიბუციის... თარიღი 1969.
300 ## - ფიზიკური აღწერა
Extent 27 გვ. :
Other physical details 2 ფ. პორტრ. ;
Dimensions 19 სმ.
500 ## - ზოგადი შენიშვნა
General note გ.ფ. წერეთლის სამეცნ. შრომების სია : გვ.23-26. რეცენზიათა სია გ.ფ. წერეთლის შრომებზე : გვ.26-27
653 ## - INDEX TERM--UNCONTROLLED
Uncontrolled term გრიგოლ ფილიმონის-ძე წერეთელი
653 ## - INDEX TERM--UNCONTROLLED
Uncontrolled term ფილოლოგი
653 ## - INDEX TERM--UNCONTROLLED
Uncontrolled term ცხოვრება და მოღვაწეობა
653 ## - INDEX TERM--UNCONTROLLED
Uncontrolled term ქართველი ფილოლოგები
942 ## - ADDED ENTRY ELEMENTS (KOHA)
Koha item type წიგნი
Source of classification or shelving scheme
ეგზემპლარები
ჩამოწერის სტატუსი დაკარგული ეგზემპლარის სტატუსი კლასიფიკაციის წყარო ან თაროზე გაწყობის სქემა დაზიანების სტატუსი არ გაიცემა მუდმივი მდებარეობა (დაცვის ადგილი) ამჟამინდელი ადგილსამყოფელი თაროზე განთავსების ადგილი შეძენის თარიღი ღირებულება, შესყიდვის ნორმალური ფასი სრული შენახვის შიფრი შტრიხკოდი ბოლო ოპერაციის თარიღი ეგზემპლარის მიმდევრობითი ნომერი (კეტერი?) ფასის ძალაში შესვლის თარიღი ეგზემპლარის სახეობა საჯარო შენიშვნა
          ბათუმის შოთა რუსთაველის სახელმწიფო უნივერსიტეტის მთავარი ბიბლიოთეკა ბათუმის შოთა რუსთაველის სახელმწიფო უნივერსიტეტის მთავარი ბიბლიოთეკა წიგნსაცავი 2018-12-17 0.40 81(479.22)(092) ყ-36 51981 2018-12-17 51981 2018-12-17 წიგნი 0.40 ლ.
          ბათუმის შოთა რუსთაველის სახელმწიფო უნივერსიტეტის მთავარი ბიბლიოთეკა ბათუმის შოთა რუსთაველის სახელმწიფო უნივერსიტეტის მთავარი ბიბლიოთეკა წიგნსაცავი 2018-12-17 0.40 81(479.22)(092) ყ-36 51982 2018-12-17 51982 2018-12-17 წიგნი 0.40 ლ.
          ბათუმის შოთა რუსთაველის სახელმწიფო უნივერსიტეტის მთავარი ბიბლიოთეკა ბათუმის შოთა რუსთაველის სახელმწიფო უნივერსიტეტის მთავარი ბიბლიოთეკა წიგნსაცავი 2018-12-17 0.40 81(479.22)(092) ყ-36 51983 2018-12-17 51983 2018-12-17 წიგნი 0.40 ლ.
          ბათუმის შოთა რუსთაველის სახელმწიფო უნივერსიტეტის მთავარი ბიბლიოთეკა ბათუმის შოთა რუსთაველის სახელმწიფო უნივერსიტეტის მთავარი ბიბლიოთეკა წიგნსაცავი 2018-12-17 0.40 81(479.22)(092) ყ-36 51984 2018-12-17 51984 2018-12-17 წიგნი 0.40 ლ.
          ბათუმის შოთა რუსთაველის სახელმწიფო უნივერსიტეტის მთავარი ბიბლიოთეკა ბათუმის შოთა რუსთაველის სახელმწიფო უნივერსიტეტის მთავარი ბიბლიოთეკა წიგნსაცავი 2018-12-17 0.40 81(479.22)(092) ყ-36 51985 2018-12-17 51985 2018-12-17 წიგნი 0.40 ლ.